000 00414nam a2200145Ia 4500
008 230711s9999||||xx |||||||||||||| ||und||
041 _aENG
082 _a4
_bKA-W
100 _aKamilo,feher
245 0 _aWireless digital communication modulation and spread spectrum application
250 _a1st Ed.
260 _c2003
_aNew Delhi
_bPHI Learning Private Limited
650 _aElectronics Engineering
942 _cBK
999 _c4312
_d4312